| 000 | 01044nam0a22002771 4500 | ||
|---|---|---|---|
| 001 | rc\3661365 | ||
| 005 | 20260406082947.0 | ||
| 021 |
_aRU _bРг922-73 |
||
| 021 |
_aRU _b71-79957 |
||
| 035 | _a(NLR Aleph) 007740114 | ||
| 090 |
_a7149703 _c7149703 |
||
| 100 | _a20130115d1971 |||y0rusy50 ca | ||
| 101 | 0 | _arus | |
| 102 | _aRU | ||
| 105 | _ay z ||||| | ||
| 200 | 1 |
_aМеждународное положение Советского Союза _fО-во "Знание" РСФСР. Науч.-метод. совет по пропаганде всеобщ. истории и междунар. отношений |
|
| 210 |
_aМосква _cБ. и. _d1971 |
||
| 215 |
_a45 с. _d20 |
||
| 225 | 1 | _aВ помощь лектору | |
| 700 | 1 |
_7ca _8rus _aКузнецов _bВ. А. _cканд. ист. наук, политика СССР _gВалерий Алексеевич _3RU\NLR\AUTH\770277692 _92649659 |
|
| 801 | 0 |
_aRU _bNLR _gpsbo |
|
| 801 | 1 |
_aRU _bELAR _2rusmarc |
|
| 852 |
_aNLR _j72-4/27609 |
||
| 942 | _cBOOK | ||
| 980 | _aNB | ||